[Event "Int. Championship of Central Serbia - OP"]
[Site "Paracin"]
[Date "2011.07.09"]
[Round "3.35"]
[White "Gajic, Mladen"]
[Black "Markoja, Boris"]
[Result "1/2-1/2"]
[WhiteElo "2269"]
[BlackElo "1944"]
[PlyCount "88"]
[EventDate "2011.07.08"]

1. e4 c5 2. c3 g6 3. d4 cxd4 4. cxd4 d5 5. e5 Bg7 6. Nc3 Nc6 7. Nge2 Nh6 8. Bf4
Nf5 9. Qd2 O-O 10. h4 h5 11. O-O-O f6 12. f3 fxe5 13. dxe5 d4 14. g4 dxc3 15.
Qxc3 Qa5 16. Qxa5 Nxa5 17. gxf5 Bxf5 18. Nd4 Rac8+ 19. Kd2 Nc4+ 20. Bxc4+ Rxc4
21. Ke3 Rc5 22. Rc1 Rd5 23. Nxf5 Rxf5 24. Rc7 Bxe5 25. Bxe5 Rfxe5+ 26. Kf4 Rb5
27. b3 Kf7 28. Rd1 Rec5 29. Rcd7 Kf6 30. R1d2 g5+ 31. hxg5+ Rxg5 32. Rc2 h4 33.
Rh2 Rb4+ 34. Ke3 a5 35. Kd2 a4 36. Kc3 Rf4 37. Rxb7 axb3 38. axb3 Rxf3+ 39. Kd4
h3 40. Rb8 Rg4+ 41. Kd5 e6+ 42. Kc6 Rc3+ 43. Kd7 Rd3+ 44. Kc6 Rc3+ 1/2-1/2

[Event "Int. Championship of Central Serbia - OP"]
[Site "Paracin"]
[Date "2011.07.09"]
[Round "3.37"]
[White "Uyanik, Mehmet"]
[Black "Popovic, Djordje D"]
[Result "0-1"]
[WhiteElo "1719"]
[BlackElo "2259"]
[PlyCount "56"]
[EventDate "2011.07.08"]

1. e4 c5 2. Nf3 d6 3. d4 cxd4 4. Nxd4 Nf6 5. Nc3 a6 6. Bc4 e6 7. Bb3 b5 8. f4
Bb7 9. O-O Be7 10. f5 e5 11. Nde2 Nbd7 12. Ng3 Rc8 13. Be3 h5 14. Bd5 Bxd5 15.
Nxd5 h4 16. Nh1 Nxd5 17. exd5 Bg5 18. Re1 Bxe3+ 19. Rxe3 Qb6 20. Kf2 Nf6 21.
Ke2 Rh5 22. Rf3 Rc5 23. Nf2 Rxd5 24. Rd3 Rxf5 25. Nh3 Qc6 26. Rc1 Rxd3 27. Qxd3
Qxg2+ 28. Ke1 Rf3 0-1

[Event "Int. Championship of Central Serbia - OP"]
[Site "Paracin"]
[Date "2011.07.09"]
[Round "3.38"]
[White "Nikolov, Sasho"]
[Black "Draskovic, Luka"]
[Result "1-0"]
[WhiteElo "2412"]
[BlackElo "2135"]
[PlyCount "53"]
[EventDate "2011.07.08"]

1. d4 Nf6 2. c4 e6 3. Nc3 Bb4 4. e3 O-O 5. Bd3 d6 6. Nge2 b6 7. O-O Bxc3 8.
Nxc3 Bb7 9. e4 Nbd7 10. Bg5 e5 11. dxe5 dxe5 12. Nd5 c6 13. Nxf6+ Nxf6 14. c5
h6 15. Bh4 Qd4 16. Bxf6 gxf6 17. Rc1 Rad8 18. Rc3 Kh7 19. Qf3 Rg8 20. Qxf6 Rg7
21. Re1 bxc5 22. Qf5+ Kh8 23. Bf1 Rdg8 24. Rh3 Qd6 25. Rh5 Rg5 26. Qxf7 R8g7
27. Qf3 1-0

[Event "Int. Championship of Central Serbia - OP"]
[Site "Paracin"]
[Date "2011.07.09"]
[Round "3.39"]
[White "Pantelic, Sasa"]
[Black "Milosevic, Rade"]
[Result "1-0"]
[WhiteElo "2364"]
[BlackElo "2105"]
[PlyCount "81"]
[EventDate "2011.07.08"]

1. d4 Nf6 2. c4 e6 3. Nc3 Bb4 4. Bg5 h6 5. Bh4 Nc6 6. e3 d6 7. Nf3 Qe7 8. Qc2
a5 9. Bd3 e5 10. d5 Nb8 11. Nd2 Bxc3 12. Qxc3 Nbd7 13. O-O g5 14. Bg3 Nh5 15.
Bf5 b6 16. f4 Nxg3 17. hxg3 Nc5 18. fxe5 dxe5 19. Bxc8 Rxc8 20. Rf5 f6 21. b3
O-O 22. a3 Rf7 23. b4 axb4 24. axb4 Nb7 25. Ra7 Nd6 26. Rf1 Kg7 27. Qd3 Qd7 28.
c5 bxc5 29. bxc5 Qb5 30. Qc3 Ne8 31. Rb1 Qd7 32. e4 Qg4 33. Qf3 Qxf3 34. gxf3
Kg6 35. Nc4 Rg7 36. Ne3 Rd7 37. Rbb7 Rdd8 38. Nf5 Rb8 39. Ne7+ Kh5 40. g4+ Kh4
41. Kg2 1-0

[Event "Int. Championship of Central Serbia - OP"]
[Site "Paracin"]
[Date "2011.07.09"]
[Round "3.41"]
[White "Pregarac, Valter"]
[Black "Jovanovic, Bojan P"]
[Result "1-0"]
[WhiteElo "2105"]
[BlackElo "2222"]
[PlyCount "149"]
[EventDate "2011.07.08"]

1. d4 Nf6 2. Nf3 g6 3. Nbd2 Bg7 4. e4 d6 5. Be2 O-O 6. O-O c6 7. c3 Qc7 8. Qc2
e5 9. Re1 Nbd7 10. a4 d5 11. dxe5 Nxe5 12. Nxe5 Qxe5 13. exd5 Nxd5 14. Nf3 Qc7
15. Bg5 Nf4 16. Bf1 Bf5 17. Qd2 Ne6 18. Bh4 Nc5 19. Bg3 Qd8 20. Qe3 Nb3 21.
Rad1 Qb6 22. Qe7 Rac8 23. Ng5 h6 24. Ne4 Be6 25. Nf6+ Kh8 26. Rxe6 Qc5 27. Qxc5
Nxc5 28. Red6 Nxa4 29. R1d2 Nc5 30. Nd7 Ne4 31. Nxf8 Rxf8 32. Rd8 Nxd2 33. Rxd2
f5 34. f3 b5 35. Rd6 Rf6 36. Rxf6 Bxf6 37. Bf2 a5 38. Bb6 a4 39. Bc5 Kg7 40. f4
Kf7 41. g3 Ke6 42. Bg2 Kd7 43. Kf2 Bd8 44. Ke3 Bf6 45. Kd3 Bg7 46. Bf3 Bf6 47.
Kc2 g5 48. fxg5 hxg5 49. Kd3 g4 50. Be2 Be5 51. Bd4 Bd6 52. Be3 Be5 53. Bf1 Ke6
54. Bg2 Kd7 55. Bf4 Bf6 56. h3 gxh3 57. Bxh3 Ke6 58. Bg2 Kd7 59. Bf3 Bg7 60.
Bh5 b4 61. cxb4 Bxb2 62. Bd1 a3 63. Bb3 Bf6 64. Kc4 Bg7 65. Ba2 Bf6 66. Kb3 Bb2
67. Bb1 Ke6 68. Bd3 Kf6 69. Bc4 Ke7 70. Ka4 Kd7 71. Kb3 Ke7 72. Ba6 Kd7 73. Bb7
Bd4 74. Kxa3 Bb6 75. Kb3 1-0

[Event "Int. Championship of Central Serbia - OP"]
[Site "Paracin"]
[Date "2011.07.09"]
[Round "3.42"]
[White "Zekaj, Dritan"]
[Black "Djosic, Slavoljub"]
[Result "0-1"]
[WhiteElo "2120"]
[BlackElo "2213"]
[PlyCount "36"]
[EventDate "2011.07.08"]

1. e4 e5 2. Nc3 Nf6 3. f4 d5 4. fxe5 Nxe4 5. Nf3 Be7 6. Bd3 Nc5 7. Qe2 Nxd3+ 8.
Qxd3 c6 9. O-O O-O 10. Ne2 f6 11. Ng3 Nd7 12. Qe2 fxe5 13. Nxe5 Rxf1+ 14. Kxf1
Nxe5 15. Qxe5 Bd6 16. Qe3 Bd7 17. d4 Qh4 18. Bd2 Qxh2 0-1

[Event "Int. Championship of Central Serbia - OP"]
[Site "Paracin"]
[Date "2011.07.09"]
[Round "3.43"]
[White "Perunovic, Ljubivoje"]
[Black "Milovanovic, Srboljub"]
[Result "0-1"]
[WhiteElo "2006"]
[BlackElo "2196"]
[PlyCount "150"]
[EventDate "2011.07.08"]

1. d4 Nf6 2. Nf3 d5 3. Bf4 e6 4. e3 c5 5. c3 Nc6 6. Nbd2 Be7 7. Bd3 Nh5 8. Bg3
h6 9. Ne5 Nxg3 10. hxg3 cxd4 11. exd4 Nxe5 12. dxe5 Bd7 13. Qg4 Bf8 14. O-O Qb6
15. Rab1 Bb5 16. Bxb5+ Qxb5 17. Rfc1 g6 18. Nf3 h5 19. Qh4 Bh6 20. Rd1 Rc8 21.
Nd4 Qd7 22. Rd3 Bg7 23. Re1 a6 24. Nf3 Qb5 25. Rd2 Qc4 26. a3 Qxh4 27. gxh4 Ke7
28. Rd4 Rc4 29. Red1 Rhc8 30. Kf1 Rxd4 31. Rxd4 Rc4 32. Ke2 Rxd4 33. cxd4 Bh6
34. Kd3 Kd7 35. Kc3 Kc6 36. g3 Kb5 37. Ne1 Ka4 38. f4 Bf8 39. Nc2 Be7 40. b3+
Kb5 41. Kb2 Bd8 42. Kc3 Be7 43. Kb2 Ka5 44. Ne3 Bd8 45. Kc3 Kb5 46. Nc2 Bb6 47.
Ne3 Ba5+ 48. b4 Bb6 49. Nc2 Ka4 50. Kb2 a5 51. Kc3 Bc7 52. Kb2 Bd8 53. Ka2 axb4
54. Nxb4 Ba5 55. Nd3 Bb6 56. Nb2+ Ka5 57. Kb3 Bxd4 58. Nd3 b5 59. Nb4 Bf2 60.
Nc6+ Kb6 61. Nd8 Bxg3 62. Nxf7 Bxf4 63. Nh8 Bxe5 64. Nxg6 Bg3 65. Kc3 e5 66.
Ne7 Kc5 67. Nf5 Be1+ 68. Kd3 e4+ 69. Ke2 Bc3 70. Ng3 Bf6 71. Nxh5 Bxh4 72. Kd2
d4 73. Ng7 Kc4 74. Ne6 e3+ 75. Kd1 Bf6 0-1

[Event "Int. Championship of Central Serbia - OP"]
[Site "Paracin"]
[Date "2011.07.09"]
[Round "3.44"]
[White "Bolt, Graham"]
[Black "Kolbert, Engelbert"]
[Result "0-1"]
[WhiteElo "2074"]
[BlackElo "2161"]
[PlyCount "110"]
[EventDate "2011.07.08"]

1. g3 Nf6 2. Bg2 g6 3. e4 d6 4. Ne2 Bg7 5. O-O O-O 6. c3 Nbd7 7. d3 e5 8. Na3
Re8 9. Qc2 c6 10. h3 d5 11. Be3 Qe7 12. Rad1 Nb6 13. Rfe1 Be6 14. Qb1 Nfd7 15.
Kh2 f5 16. Nc2 Nf6 17. exd5 cxd5 18. f4 e4 19. Bxb6 axb6 20. Ned4 Bd7 21. Nb4
Qd6 22. Ndc2 Qc7 23. Qc1 Be6 24. a3 Nh5 25. h4 Bf7 26. Rf1 h6 27. Ne3 Rad8 28.
d4 Be6 29. Bh3 Rf8 30. Qd2 Bf6 31. Qf2 Rf7 32. Rg1 Be7 33. Rdf1 Rg7 34. Kh1 Nf6
35. Qe2 Bd6 36. Rf2 Qf7 37. Nbc2 Nh5 38. Kh2 Rf8 39. Qf1 Kh8 40. Nb4 Bc7 41.
Qd1 g5 42. Nbxd5 gxh4 43. gxh4 Rxg1 44. Kxg1 Rg8+ 45. Kh2 Bd8 46. c4 Bxh4 47.
Rg2 Bg3+ 48. Kh1 Bxd5 49. Nxd5 Nxf4 50. Nxf4 Bxf4 51. Qg1 Rxg2 52. Qxg2 Qh5 53.
d5 e3 54. Kg1 Qd1+ 55. Qf1 e2 0-1

[Event "Int. Championship of Central Serbia - OP"]
[Site "Paracin"]
[Date "2011.07.09"]
[Round "3.45"]
[White "Prijovic, Bojan"]
[Black "Elez, Sinisa"]
[Result "0-1"]
[WhiteElo "1957"]
[BlackElo "2149"]
[PlyCount "70"]
[EventDate "2011.07.08"]

1. e4 c5 2. Nf3 d6 3. d4 cxd4 4. Nxd4 Nf6 5. Nc3 a6 6. Be2 e5 7. Nf3 Be7 8. O-O
O-O 9. Bg5 Nbd7 10. Bxf6 Nxf6 11. Bc4 h6 12. h3 Re8 13. Re1 Bf8 14. Nd5 Nxd5
15. Bxd5 Ra7 16. Qd3 b5 17. Qb3 Be6 18. Rad1 Qc8 19. Qe3 Rc7 20. c3 Rc5 21.
Bxe6 Qxe6 22. Rd2 Rc6 23. a3 Be7 24. Qd3 Rc5 25. Red1 Rec8 26. Qe2 Rc4 27. Nh2
a5 28. Nf1 b4 29. axb4 axb4 30. cxb4 Rxb4 31. f3 Qa2 32. Ne3 Bg5 33. Kf2 Rb3
34. Nf5 Rcb8 35. Qc4 Rxf3+ 0-1

[Event "Int. Championship of Central Serbia - OP"]
[Site "Paracin"]
[Date "2011.07.09"]
[Round "3.46"]
[White "Markoja, Sebastijan"]
[Black "Sarenac, David"]
[Result "0-1"]
[WhiteElo "1923"]
[BlackElo "2315"]
[PlyCount "80"]
[EventDate "2011.07.08"]

1. e4 c5 2. Nf3 d6 3. d4 cxd4 4. Nxd4 Nf6 5. Nc3 a6 6. Be2 e5 7. Nb3 Be7 8. Bg5
Be6 9. Bxf6 Bxf6 10. Qd3 O-O 11. O-O-O Be7 12. Kb1 Nc6 13. Nd5 Rc8 14. Nxe7+
Qxe7 15. Qxd6 Qh4 16. f3 Rfd8 17. g3 Qh6 18. Qc5 Nd4 19. Rxd4 exd4 20. Qb4 Qe3
21. Nc1 b5 22. Rd1 Qf2 23. g4 Bc4 24. Qd2 Qh4 25. Bd3 a5 26. a3 a4 27. Qg2 Qe7
28. Qe2 Rb8 29. Ka1 Be6 30. Bxb5 Qb7 31. c4 dxc3 32. Rxd8+ Rxd8 33. bxc3 Rb8
34. c4 Bxc4 35. Qxc4 Qxb5 36. Qc2 Qe5+ 37. Ka2 h6 38. Nd3 Qe6+ 39. Ka1 Qf6+ 40.
e5 Qxf3 0-1

[Event "Int. Championship of Central Serbia - OP"]
[Site "Paracin"]
[Date "2011.07.09"]
[Round "3.47"]
[White "Steiner, Bruno"]
[Black "Rodic, Dragan"]
[Result "1-0"]
[WhiteElo "2207"]
[BlackElo "2063"]
[PlyCount "90"]
[EventDate "2011.07.08"]

1. d4 d5 2. Bf4 Nf6 3. e3 e6 4. Nf3 Be7 5. h3 b6 6. Bb5+ Bd7 7. Bd3 c5 8. c3 a6
9. O-O Bc6 10. Ne5 Bb7 11. Nd2 Nc6 12. Qc2 Rc8 13. Nxc6 Rxc6 14. Be5 h6 15. f4
c4 16. Be2 g6 17. g4 Rg8 18. g5 Nd7 19. gxh6 Nxe5 20. fxe5 Bg5 21. Rf3 Bxh6 22.
Raf1 Rc7 23. Kh1 b5 24. R1f2 Qh4 25. Kg2 Bg5 26. Nf1 Rh8 27. Nh2 Rh7 28. Rg3
Be7 29. Rf4 Qh6 30. Ng4 Qg7 31. Nf6+ Bxf6 32. Rxf6 Re7 33. a4 Kd7 34. Bg4 Bc6
35. axb5 axb5 36. Rgf3 Qh8 37. Qf2 Qg8 38. Qf1 Kc7 39. Qa1 Qa8 40. Qxa8 Bxa8
41. Rf1 Bc6 42. Kg3 Kb6 43. Ra1 Rh8 44. Rff1 Ra8 45. Rxa8 Bxa8 1-0

[Event "Int. Championship of Central Serbia - OP"]
[Site "Paracin"]
[Date "2011.07.09"]
[Round "3.48"]
[White "Shabanaj, Eglantina"]
[Black "Savic, Dragan"]
[Result "0-1"]
[WhiteElo "2084"]
[BlackElo "2160"]
[PlyCount "104"]
[EventDate "2011.07.08"]

1. d4 Nf6 2. c4 c5 3. d5 b5 4. cxb5 a6 5. Nc3 g6 6. e4 d6 7. f3 Bg7 8. Be3 O-O
9. Bd3 axb5 10. Bxb5 Ba6 11. a4 Nfd7 12. Nge2 Ne5 13. O-O Nc4 14. Bxc4 Bxc4 15.
Qd2 Qa5 16. Rfc1 Nd7 17. Bh6 Rfb8 18. Bxg7 Kxg7 19. f4 Rb3 20. Rc2 Rb4 21. Nc1
Nb6 22. h4 Bb3 23. Nxb3 Rxb3 24. f5 Nc4 25. Qf2 Nxb2 26. fxg6 hxg6 27. h5 f6
28. Qg3 g5 29. Qg4 Nd3 30. Ne2 Ne5 31. Qe6 Qa7 32. a5 Rh8 33. g4 Re3 34. Qf5
Rf3 35. Qe6 c4+ 36. Kh1 Rh3+ 37. Kg2 Rh4 38. Ng3 Rxg4 39. Rc3 Rxh5 40. Qxg4
Nxg4 41. Nxh5+ Kg6 42. Ng3 Qf2+ 43. Kh3 Ne5 44. Rh1 Nd3 45. a6 Qa2 46. Rf1 Qxa6
47. Nf5 Qa2 48. Nxe7+ Kf7 49. Nf5 Nf2+ 50. Rxf2 Qxf2 51. Re3 Qf1+ 52. Kg3 c3
0-1

[Event "Int. Championship of Central Serbia - OP"]
[Site "Paracin"]
[Date "2011.07.09"]
[Round "3.49"]
[White "Tonic, Milos"]
[Black "Suc, Timothy"]
[Result "0-1"]
[WhiteElo "2151"]
[BlackElo "2025"]
[PlyCount "95"]
[EventDate "2011.07.08"]

1. c4 e5 2. Nc3 d6 3. Nf3 f5 4. d3 Nf6 5. g3 Be7 6. Bg2 Nc6 7. O-O O-O 8. Rb1
a5 9. a3 Qe8 10. b4 axb4 11. axb4 Qh5 12. b5 Nd8 13. Qb3 Ne6 14. c5 Kh8 15.
cxd6 Bxd6 16. Nd2 f4 17. Nde4 Nd4 18. Qd1 Bh3 19. Nxf6 Rxf6 20. e3 f3 21. exd4
Bxg2 22. Re1 Qh3 23. Re4 exd4 24. Rh4 Qd7 25. Ne4 Rff8 26. Qb3 Rae8 27. Qd5 Rf5
28. Qc4 Rc5 29. Qb3 Be7 30. Rf4 Rh5 31. g4 Rh4 32. Qf7 h6 33. Ba3 Qd8 34. Bxe7
Qxe7 35. Qg6 Rxh2 36. Qxe8+ Qxe8 37. Ng3 Rh4 38. Rxd4 Qg6 39. Rbb4 Qe6 40. Re4
Qa2 41. Re1 Qd2 42. Rbe4 Qxd3 43. Re8+ Kh7 44. R8e7 Rxg4 45. Nh5 Bf1+ 46. Ng3
Be2 47. b6 Qd4 48. Kh2 0-1

[Event "Int. Championship of Central Serbia - OP"]
[Site "Paracin"]
[Date "2011.07.09"]
[Round "3.50"]
[White "Ratkovic, Milovan"]
[Black "Mijatovic, Bosko"]
[Result "1-0"]
[WhiteElo "2146"]
[BlackElo "1956"]
[PlyCount "61"]
[EventDate "2011.07.08"]

1. d4 Nf6 2. Nf3 g6 3. c4 d5 4. Nc3 Bg7 5. Qa4+ c6 6. cxd5 Nxd5 7. e4 Nxc3 8.
bxc3 O-O 9. Be2 Qc7 10. O-O Bg4 11. h3 Bc8 12. Be3 Nd7 13. Rac1 b5 14. Qc2 Nb6
15. c4 bxc4 16. Bxc4 Qd6 17. Bb3 Ba6 18. Rfd1 Rac8 19. a4 Rfd8 20. a5 Nd7 21.
e5 Qb4 22. Rb1 Qxa5 23. Ra1 Qb6 24. Bxf7+ Kh8 25. Ng5 Nf8 26. Qa2 Bb5 27. Be6
Nxe6 28. Nf7+ Kg8 29. Qxe6 c5 30. Nh6+ Kh8 31. Qg8+ 1-0

[Event "Int. Championship of Central Serbia - OP"]
[Site "Paracin"]
[Date "2011.07.09"]
[Round "3.51"]
[White "Kalinic, Dusan"]
[Black "Jovanovic, Miroslav O"]
[Result "1-0"]
[WhiteElo "2009"]
[BlackElo "2135"]
[PlyCount "43"]
[EventDate "2011.07.08"]

1. e4 c5 2. c3 e6 3. d4 cxd4 4. cxd4 Nf6 5. e5 Nd5 6. Nf3 Qc7 7. Bd3 b6 8. O-O
Be7 9. Bg5 f5 10. Bxe7 Nxe7 11. Nc3 a6 12. Rc1 Qd8 13. Bc4 b5 14. Bb3 d5 15.
exd6 Qxd6 16. Re1 b4 17. Na4 O-O 18. Nc5 Nd5 19. Ng5 Nc6 20. Ngxe6 Rf6 21. Bxd5
Qxd5 22. Nc7 1-0

[Event "Int. Championship of Central Serbia - OP"]
[Site "Paracin"]
[Date "2011.07.09"]
[Round "3.52"]
[White "Ratkovic, Miloje"]
[Black "Gjergji, Rozana"]
[Result "1-0"]
[WhiteElo "2132"]
[BlackElo "1937"]
[PlyCount "49"]
[EventDate "2011.07.08"]

1. d4 Nf6 2. c4 e6 3. Nf3 d5 4. Nc3 Be7 5. cxd5 exd5 6. Bg5 c6 7. Qc2 Nbd7 8.
e3 Nf8 9. Bd3 Ng6 10. h4 Bg4 11. O-O-O Qd7 12. Rde1 Bd6 13. e4 Nxe4 14. Nxe4
dxe4 15. Rxe4+ Be6 16. h5 Ne7 17. h6 gxh6 18. Rxh6 O-O-O 19. d5 Bxd5 20. Rxd6
Qxd6 21. Bxe7 Qh6+ 22. Bg5 Qd6 23. Rd4 Rhe8 24. Bf5+ Re6 25. Bf4 1-0